000 00656nam a22002177a 4500
003 OSt
005 20140310182329.0
008 130921t xxu||||| |||| 00| 0 eng d
020 _a081671858
050 _aPZ 7
_b.G446Ad 1990
082 _aGS 823
_b.T91ad 1991
100 _aTwain, Mark
_93693
245 _aAdventures of Huckleberry finn /
_cMark Twain, retold by Joanne Gise; illustrated by Ray Burns.
260 _aN.J :
_bTroll Associates,
_c1990.
300 _a48 p. :
_bcol, ill , ;
_c28 cm.
541 _j1
562 _e1
650 _aMississippi River
_xFiction
_921355
650 _aMissouri
_xfiction
_921356
942 _2lcc
_cBK-GS
999 _c11948
_d11948